Jugadores NBA con mas triples anotados - Estadísticas

Estadísticas generales
  • Esta prueba ha sido intentada 221 veces
  • La puntuación promedio es 8 de 15
Estadísticas de respuestas
Hint Respuesta % Correcto
4,058 Stephen Curry
98%
2,559 LeBron James
93%
3,175 James Harden
86%
2,697 Klay Thompson
79%
2,191 Kevin Durant
75%
2,973 Ray Allen
74%
2,804 Damian Lillard
67%
2,560 Reggie Miller
66%
2,450 Kyle Korver
36%
2,349 Paul George
28%
2,143 Paul Pierce
21%
2,290 Vince Carter
19%
2,282 Jason Terry
13%
2,205 Kyle Lowry
11%
2,221 Jamal Crawford
7%
No se encontraron pruebas coincidentes
Distribución de puntuación
Porcentaje de gente con cada puntuación
Porcentaje por número respondido
Historial de tus puntuaciones
No has intentado esta prueba.